Statistics for Captain America Franchise

Click here to take the quiz!

General Stats

  • This quiz has been taken 3 times
  • The average score is 21 of 79

Answer Stats

Type Year Name Info % Correct
Comic Series1941-1954Captain America ComicsMarvel Comics
100%
Comic Series1996-1997Captain America Vol. 2Marvel Comics
100%
Comic Special2017Captain America Vol. 8Marvel Comics
100%
Film2016Captain America: Civil WarDisney
100%
Comic Series2013-2014Captain America Vol. 7Marvel Comics
100%
Comic Series2011-2012Captain America Vol. 6Marvel Comics
100%
Film2011Captain America: The First AvengerParamount
100%
Film1944Captain AmericaRepublic Pictures
100%
Comic Series2005-2009Captain America Vol. 5Marvel Comics
100%
Comic Series2002-2004Captain America Vol. 4Marvel Comics
100%
Comic Series1998-2002Captain America Vol. 3Marvel Comics
100%
Comic Series2018-PresentCaptain America Vol. 9Marvel Comics
100%
Comic Series2014-2015Bucky Barnes: The Winter SoldierMarvel Comics
67%
Comic Series2012-2013Winter SoldierMarvel Comics
67%
Film2014Captain America: The Winter SoldierDisney
67%
Comic Mini-Series2001U.S. Agent Vol. 2Marvel Comics
33%
TV Film1979Captain America II: Death Too SoonCBS
33%
Comic Mini-Series1983-1984FalconMarvel Comics
33%
Comic Mini-Series1990-1991NomadMarvel Comics
33%
Comic Series2015-2017Captain America: Sam WilsonMarvel Comics
33%
Comic Mini-Series1993U.S. AgentMarvel Comics
33%
Film19733 Dev AdamTual Film / Arsel
0%
Comic One-Shot1976Marvel Treasury Edition: Captain America's Bicentennial BattlesMarvel Comics
0%
Comic Mini-Series2012Captain America and HawkeyeMarvel Comics
0%
Comic Mini-Series2012Captain America and Iron ManMarvel Comics
0%
Comic Special2012Captain America and NamorMarvel Comics
0%
Comic Mini-Series2012-2013Captain America and Black WidowMarvel Comics
0%
Novel1968Captain America: The Great Gold SteelTed White
0%
Short Film2013Agent CarterDisney
0%
Comic Mini-Series2013Captain America: Living LegendMarvel Comics
0%
Comic Series2016-2017Captain America: Steve RogersMarvel Comics
0%
TV Show2015-2016Marvel's Agent CarterABC
0%
Film2014Iron Man and Captain America: Heroes UnitedDisney
0%
Novel2014The Death of Captain AmericaLarry Hama
0%
Comic Mini-Series2011Captain America CorpsMarvel Comics
0%
Comic Mini-Series2015All-New Captain AmericaMarvel Comics
0%
Comic Special2015All-New Captain America Special #1Marvel Comics
0%
Novel2016Captain America: Dark DesignStefan Petrucha
0%
Comic One-Shot2015All-New Captain America: Fear HimMarvel Comics
0%
Comic Mini-Series2015Captain America: WhiteMarvel Comics
0%
Comic Special1971-1994Captain America AnnualsMarvel Comics
0%
Comic Mini-Series2011-2012Captain America and BuckyMarvel Comics
0%
Comic Mini-Series2011Captain America: Man Out of TimeMarvel Comics
0%
Comic Mini-Series2011Ultimate Comics: Captain AmericaMarvel Comics
0%
Public Service Announcement1980Captain America on Saving EnergyU.S. Department of Energy
0%
Video Game1989The Amazing Spider-Man and Captain America in Dr. Doom's Revenge!Empire Software / Medalist International / Paragon Software Corporation
0%
Novel1998Captain America: Liberty's TorchTony Isabella
0%
Comic Special1998Captain America/Citizen V AnnualMarvel Comics
0%
Comic Series1998-1999Captain America: Sentinel of LibertyMarvel Comics
0%
Video Game1987Captain America in: The Doom Tube of Dr. MegalomannGo!
0%
Comic One-Shot1999Iron Man/Captain America #1998Marvel Comics
0%
Comic Mini-Series2002Captain America: Dead Men RunningMarvel Comics
0%
Comic One-Shot2002Captain America: Red, White & BlueMarvel Comics
0%
Comic Mini-Series2003Truth: Red, White & BlackMarvel Comics
0%
Comic Mini-Series2003Captain America: What Price Glory?Marvel Comics
0%
Comic Series2004-2005Captain America and the FalconMarvel Comics
0%
Comic One-Shot2007Winter Soldier: Winter KillMarvel Comics
0%
Comic Mini-Series2011Captain America: Hail HydraMarvel Comics
0%
Comic Mini-Series2007Fallen Son: The Death of Captain AmericaMarvel Comics
0%
Comic Mini-Series2007-2008Captain America: The ChosenMarvel Comics
0%
Comic Mini-Series2009-2010Captain America: RebornMarvel Comics
0%
Comic One-Shot2010Captain America: Who Will Wield the Shield?Marvel Comics
0%
Comic One-Shot2010Captain America: Who Won't Wield the Shield?Marvel Comics
0%
Novel1979Captain America: Holocaust for HireRon Goulart
0%
Comic Mini-Series2010Steve Rogers: Super-SoldierMarvel Comics
0%
Comic Mini-Series2010-2011Captain America: Forever AlliesMarvel Comics
0%
Comic Mini-Series2010-2011Captain America: PatriotMarvel Comics
0%
Video Game2011Captain America: Super SoldierSega
0%
Video Game1991Captain America and the AvengersData East / Mindscape
0%
Comic Mini-Series2010Captain America/Black Panther: Flags of Our FathersMarvel Comics
0%

Score Distribution

Percentile by Number Answered

Percent of People with Each Score

Your Score History

You have not taken this quiz